000 00280nam a2200109Ia 4500
008 200302s9999 xx 000 0 und d
100 _aClaudia Zanlungo & Daniela Tarabra
245 _aThe story of Baroque Architecture
260 _bPrestel/ London
260 _c2012
300 _a158
999 _c4483
_d4483